| 000 | 00644nam a2200229 a 4500 | ||
|---|---|---|---|
| 005 | 20140310183252.0 | ||
| 008 | 041020s19uu xx 00 eng d | ||
| 020 | _a1401826865 | ||
| 050 |
_aRT 41 _b.W545 2005 |
||
| 100 | _aWhite, Lois | ||
| 245 |
_aFoundations of adult health nursing / _cLois White. |
||
| 250 | _a2nd ed. | ||
| 260 |
_aAustralia ; Clifton Park, NY : _bThomson/Delmar Learning, _c2005. |
||
| 300 |
_axviii, 682 p. : _bill. (chiefly col.) ; _c26 cm. |
||
| 521 | _aNUR | ||
| 650 | _aPractical nursing. | ||
| 650 | _aNursing care. | ||
| 942 |
_cBK _2lcc _kFOR |
||
| 999 |
_c20796 _d20796 |
||